Efectos de la saturación hídrica del suelo y el control químico sobre los parámetros de crecimiento y multiplicación de Acroptilon repens L. en parcelas bajo riego /
Guardado en:
| Otros Autores: | , , |
|---|---|
| Formato: | Manuscrito |
| Idioma: | Spanish |
| Publicado: |
2019.
|
| Materias: | |
| Acceso en línea: | Texto completo |
| Etiquetas: |
Agregar Etiqueta
Sin Etiquetas, Sea el primero en etiquetar este registro!
|
| LEADER | 01476ntm a22003495a 4500 | ||
|---|---|---|---|
| 001 | EEA.libagro011149 | ||
| 005 | 20190814082340.0 | ||
| 008 | 190701s2019####ag#######bm###000#0#spa#d | ||
| 082 | 0 | 4 | |a 040 |2 15 |
| 082 | 0 | 4 | |a 632.1 |2 15 |
| 082 | 0 | 4 | |a 583.55 |2 15 |
| 100 | 1 | |a Gajardo, Omar Ariel. |4 dis | |
| 245 | 1 | 0 | |a Efectos de la saturación hídrica del suelo y el control químico sobre los parámetros de crecimiento y multiplicación de Acroptilon repens L. en parcelas bajo riego / |c Omar Ariel Gajardo. |
| 260 | |c 2019. | ||
| 300 | |a xiv, 138 h. : |b il. col. ; |c 30 cm. | ||
| 500 | |a Directores de tesis: Roberto Brevedan y Armando Dall Armellina. | ||
| 500 | |a "Tesis presentada para optar al grado Doctorado en Agronomía". | ||
| 502 | |a Tesis (doctoral)--Universidad Nacional del Sur. Departamento de Agronomía, 2019. | ||
| 504 | |a Incluye referencias bibliográficas. | ||
| 530 | |a Disponible también en formato digital. | ||
| 650 | 7 | |a Agronomía. |2 unbist | |
| 650 | 7 | |a Malezas. |2 unbist | |
| 650 | 7 | |a Fenología. |2 Icyt | |
| 650 | 7 | |a Suelos. |2 unbist | |
| 650 | 7 | |a Inundaciones. |2 abne | |
| 653 | |a Perenne | ||
| 653 | |a Glifosato | ||
| 700 | 1 | |a Brevedan, Roberto Eric, |d 1936- |4 ths | |
| 700 | 1 | |a Dall'Armellina, Armando Aníbal. |4 ths | |
| 710 | 2 | |a Universidad Nacional del Sur. |b Departamento de Agronomía |4 dgg. | |
| 856 | 4 | 1 | |3 Texto completo |u http://repositoriodigital.uns.edu.ar/handle/123456789/4564 |
| 859 | |a AR-BbBCA |b BIB. AGRONOMIA |h 040 |i B148 2019-1653 |p 127156/019 | ||
